Faces of destiny
Saved in:
| Main Author: | |
|---|---|
| Format: | Book |
| Language: | English |
| Published: |
Nueva York
Ziff Davis Publishing
1946
|
| Edition: | 1a. ed |
| Subjects: | |
| Tags: |
Add Tag
No Tags, Be the first to tag this record!
|
MARC
| LEADER | 00000nam a2200000 a 4500 | ||
|---|---|---|---|
| 001 | UCJ4985 | ||
| 003 | CL-VaPUC | ||
| 008 | 070124e19460600US |||||||||||||||||eng|d | ||
| 082 | 0 | 4 | |a 923 |b KAR |2 21 |
| 100 | 0 | |a Karsh, Yousuf |e author |9 509601 | |
| 245 | 1 | 0 | |a Faces of destiny |
| 250 | |a 1a. ed | ||
| 300 | |a 158 p | ||
| 942 | |c BK | ||
| 945 | |d 20070124 00:00:00 |a rinostro | ||
| 260 | |a Nueva York |b Ziff Davis Publishing |c 1946 | ||
| 500 | |a Interesante por la calidad de sus fotografías | ||
| 600 | 0 | 7 | |a BENES, EDUARD |2 CL-VaPUC |9 509602 |
| 600 | 0 | 7 | |a BEVIN, ERNEST |2 CL-VaPUC |9 509603 |
| 600 | 0 | 7 | |a CHIANG, KAI SHEK |2 CL-VaPUC |9 509604 |
| 600 | 0 | 7 | |a CHURCHILL, WINSTON S |2 CL-VaPUC |9 342458 |
| 600 | 0 | |a GAULLE, CHARLES DE |9 438111 | |
| 600 | 0 | 7 | |a EISENHOWER, DWIGHT |2 CL-VaPUC |9 509605 |
| 600 | 0 | 7 | |a FAISAL, IBN ABDUL |2 CL-VaPUC |9 509606 |
| 600 | 0 | 7 | |a JORGE VI, DE INGLATERRA |2 CL-VaPUC |9 509607 |
| 600 | 0 | |a Marshall, George C., |d 1880-1959 |9 387341 | |
| 600 | 0 | 7 | |a ROCKEFELLER, NELSON A |2 CL-VaPUC |9 509608 |
| 600 | 0 | 7 | |a SHAW, GEORGE BERNARD |2 CL-VaPUC |9 322529 |
| 600 | 0 | 7 | |a WELLS, HERBERT GEORGE |2 CL-VaPUC |9 509609 |
| 650 | 0 | |a Biografías |9 255210 | |
| 650 | 0 | |a Iconografía |9 267998 | |
| 583 | |a last modification |c 20070124 00:00:00 |k Rodrigo Vera | ||
| 999 | |c 321099 |d 321097 | ||
| 952 | |0 0 |1 0 |4 0 |6 923_000000000000000_KAR_1946 |7 0 |8 X |9 399764 |a FDOBUD |b FDOBUD |d 2019-11-22 |i 1028618 |o 923 KAR 1946 |p 1028618 |r 2019-11-22 |w 2019-11-22 |y BK_X |k BUD | ||